Události na Vysoké škole chemicko-technologické v Praze a vědeckovýzkumná činnost v roce 1980 sborník Vysoké školy chemicko-technologické v Praze A 24.
Guardado en:
| Formato: | Libro |
|---|---|
| Lenguaje: | checo |
| Publicado: |
Praha
Stát. ped. nakl.
1982
|
| Etiquetas: |
Sin Etiquetas, Sea el primero en etiquetar este registro!
|
MARC
| LEADER | 00000nam a2200000 4500 | ||
|---|---|---|---|
| 001 | c133201 | ||
| 005 | 20221207071017.2 | ||
| 041 | 0 | |a cze | |
| 044 | |a CZ | ||
| 245 | 1 | 0 | |a Události na Vysoké škole chemicko-technologické v Praze a vědeckovýzkumná činnost v roce 1980 |b sborník Vysoké školy chemicko-technologické v Praze A 24. |
| 264 | 1 | |a Praha |b Stát. ped. nakl. |c 1982 | |
| 300 | |a 335 s. | ||